| 000 | 01182nam a2200265Ia 4500 | ||
|---|---|---|---|
| 003 | Ost | ||
| 005 | 20260507075110.0 | ||
| 008 | 260507s9999||||xx |||||||||||||| ||und|| | ||
| 020 | _a920279977 | ||
| 040 | _cfsecg | ||
| 041 | _aara | ||
| 082 | _a330 | ||
| 100 |
_aاسماعيل، سراج الدين _eمؤلف |
||
| 245 | 0 |
_aالفقر والازمة الاقتصادية / _c سراج الدين اسماعيل |
|
| 260 |
_aالقاهرة: _bدار الامين للطباعة والنشر والتوزيع, _c1997 |
||
| 300 |
_a191 صفحة؛ _bجداول _c21 سم |
||
| 490 | _aسلسلة كتيبات مركز ابن خلدون للدراسات الانمائية 4 | ||
| 520 | _aيعالج الكتاب أربع مسائل تتطرق للفقر و أهمها مشكلة الفقر، الفقراء و الازمات الاقتصادية، مسائل جوهرية في الممارسة، و أخيرا الفقر المدقع. | ||
| 653 | _aأحوال اقتصادية | ||
| 653 | _aالأزمات الاقتصادية | ||
| 653 | _aالدول النامية | ||
| 653 | _aالفقر | ||
| 700 |
_aمحسن، يوسف _eمؤلف ثانوي |
||
| 942 | _cكتاب | ||
| 999 |
_c42895 _d42895 |
||